Sports Quiz

Random Sports or World Quiz

World Series Winners 2 Quiz Stats

 Plays Quiz not verified by Sporcle

Challenge
Share
Tweet
Embed
Score 0/105 Timer 08:00
0 Plays Today
Year Teams % Correct
1923New York Yankees
98.5%
1927New York Yankees
98.5%
1928New York Yankees
98.5%
1932New York Yankees
98.5%
1936New York Yankees
98.5%
1937New York Yankees
98.5%
1938New York Yankees
98.5%
1939New York Yankees
98.5%
1941New York Yankees
98.5%
1943New York Yankees
98.5%
1947New York Yankees
98.5%
1949New York Yankees
98.5%
1950New York Yankees
98.5%
1951New York Yankees
98.5%
1952New York Yankees
98.5%
1953New York Yankees
98.5%
1956New York Yankees
98.5%
1958New York Yankees
98.5%
1961New York Yankees
98.5%
1962New York Yankees
98.5%
1977New York Yankees
98.5%
1978New York Yankees
98.5%
1996New York Yankees
98.5%
1998New York Yankees
98.5%
1999New York Yankees
98.5%
2000New York Yankees
98.5%
2009New York Yankees
98.5%
1919Cincinnati Reds
95.7%
1940Cincinnati Reds
95.7%
1975Cincinnati Reds
95.7%
1976Cincinnati Reds
95.7%
1990Cincinnati Reds
95.7%
1963Los Angeles Dodgers
91%
1959Los Angeles Dodgers
91%
1965Los Angeles Dodgers
91%
Year Teams % Correct
1969New York Mets
91%
1981Los Angeles Dodgers
91%
1986New York Mets
91%
1988Los Angeles Dodgers
91%
1955Brooklyn Dodgers
90.4%
1921New York Giants
89.6%
1922New York Giants
89.6%
1933New York Giants
89.6%
1954New York Giants
89.6%
1907Chicago Cubs
89.3%
1908Chicago Cubs
89.3%
1926St. Louis Cardinals
89.3%
1931St. Louis Cardinals
89.3%
1934St. Louis Cardinals
89.3%
1942St. Louis Cardinals
89.3%
1944St. Louis Cardinals
89.3%
1946St. Louis Cardinals
89.3%
1964St. Louis Cardinals
89.3%
1967St. Louis Cardinals
89.3%
1982St Louis Cardinals
89.3%
2006St. Louis Cardinals
89.3%
1997Florida Marlins
87.9%
2003Florida Marlins
87.9%
1980Philadelphia Phillies
87%
2008Philadelphia Phillies
87%
1909Pittsburgh Pirates
85.3%
1925Pittsburgh Pirates
85.3%
1960Pittsburgh Pirates
85.3%
1971Pittsburgh Pirates
85.3%
1979Pittsburgh Pirates
85.3%
1903Boston Red Sox
84.2%
1912Boston Red Sox
84.2%
1915Boston Red Sox
84.2%
1916Boston Red Sox
84.2%
1918Boston Red Sox
84.2%
Year Teams % Correct
2004Boston Red Sox
84.2%
2007Boston Red Sox
84.2%
2001Arizona Diamondbacks
84%
1995Atlanta Braves
83.6%
1957Milwaukee Braves
82.9%
1985Kansas City Royals
82.9%
1914Boston Braves
82.7%
1935Detroit Tigers
82.5%
1945Detroit Tigers
82.5%
1966Baltimore Orioles
82.5%
1968Detroit Tigers
82.5%
1970Baltimore Orioles
82.5%
1983Baltimore Orioles
82.5%
1984Detroit Tigers
82.5%
1987Minnesota Twins
82.1%
1991Minnesota Twins
82.1%
1906Chicago White Sox
81.5%
1917Chicago White Sox
81.5%
2005Chicago White Sox
81.5%
1972Oakland Athletics
80.8%
1973Oakland Athletics
80.8%
1974Oakland Athletics
80.8%
1989Oakland Athletics
80.8%
2002Los Angeles Angels
80.8%
1920Cleveland Indians
78.2%
1948Cleveland Indians
78.2%
1910Philadelphia Athletics
77.8%
1911Philadelphia Athletics
77.8%
1913Philadelphia Athletics
77.8%
1929Philadelphia Athletics
77.8%
1930Philadelphia Athletics
77.8%
1992Toronto Blue Jays
73.8%
1993Toronto Blue Jays
73.8%
1924Washington Senators
55.9%
1905New York Giants,Giants
14.7%

You're not logged in!

Compare scores with friends on all Sporcle quizzes.
Join for Free
OR
Log In

You Might Also Like...

Show Comments

Extras

Created Nov 20, 2009ReportNominate
Tags:World Quiz, team, winner, World Series

Top Quizzes Today


Score Distribution

Your Account Isn't Verified!

In order to create a playlist on Sporcle, you need to verify the email address you used during registration. Go to your Sporcle Settings to finish the process.

Report this User

Report this user for behavior that violates our Community Guidelines.

Details: